ბათუმის შოთა რუსთაველის სახელმწიფო უნივერსიტეტის ბიბლიოთეკა

ინდივიდუალური საგანმანათლებლო გეგმა ისგ : (ბიბ.ჩანაწერი № 53369)

000 -ლიდერი
ფიქსირებული სიგრძის საკონტროლო ველი 02353nam a2200337Ia 4500
001 - საკონტროლო ნომერი
საკონტროლო ველი 20412
003 - საკონტროლო ნომრის იდენტიფიკატორი
საკონტროლო ველი GE_BSU
005 - ბოლო ოპერაციის თარიღი და დრო
საკონტროლო ველი 20200930202112.0
008 - ფიქსირებული სიგრძის მონაცემთა ელემენტები - ზოგადი ინფორმაცია
ფიქსირებული სიგრძის საკონტროლო ველი 181216s2009||||ge |||||||||||||| ||geo||
020 ## - წიგნის საერთაშორისო სტანდარტული ნომერი
International Standard Book Number 9789941416149
040 ## - კატალოგიზაციის წყარო
Transcribing agency GE_BSU
041 ## - ენის კოდი
Language code of text/sound track or separate title geo
080 ## - უნივერსალური ათობითი კლასიფიკაციის ინდექსი
Universal Decimal Classification number 376.2 ი-56
245 ## - ცნობა სათაურის შესახებ
Title ინდივიდუალური საგანმანათლებლო გეგმა ისგ :
Remainder of title გზამკვლევი მასწავლებლებისა და სასკოლო ადმინისტრაციისათვის /
Statement of responsibility, etc ავტ.-შემდგ. : ნინო გოგიჩაძე, ნატა მეთარიშვილი, თეონა ლოდია, გიორგი ბისეიშვილი ; რედ. : მადონა ხარებავა ; მხატვ. ზურაბ სულაკაური.
250 ## - გამოცემის ცნობა
Edition statement ინვალიდ ქალთა და ინვალიდ ბავშვთა დედათა ასოციაცია - დეა
264 ## - წარმოების, გამოცემის, დისტრიბუციის და სხვა ცნობები
გამოცემის, წარმოების, დისტრიბუციის... ადგილი თბილისი :
გამოცემის, წარმოების, დისტრიბუციის... სახელწოდება ნეკერი,
გამოცემის, წარმოების, დისტრიბუციის... თარიღი 2009.
300 ## - ფიზიკური აღწერა
Extent 84 გვ. ;
Dimensions 21 სმ.
504 ## - BIBLIOGRAPHY, ETC. NOTE
Bibliography, etc ბიბლიოგრაფია გვ. 84.
653 ## - INDEX TERM--UNCONTROLLED
Uncontrolled term ინდივიდუალური საგანმანათლებლო გეგმა ისგ
653 ## - INDEX TERM--UNCONTROLLED
Uncontrolled term გზამკვლევი მასწავლებლებისა და სასკოლო ადმინისტრაციისათვის
653 ## - INDEX TERM--UNCONTROLLED
Uncontrolled term ინკლუზიური განათლება.
653 ## - INDEX TERM--UNCONTROLLED
Uncontrolled term პერიოდიკა
700 ## - ADDED ENTRY--PERSONAL NAME
Personal name გოგიჩაძე, ნინო
Relator term ავტორი
9 (RLIN) 2759
700 ## - ADDED ENTRY--PERSONAL NAME
Personal name მეთარიშვილი, ნატა
Relator term ავტორი
9 (RLIN) 2760
700 ## - ADDED ENTRY--PERSONAL NAME
Personal name ლოდია, თეონა
Relator term ავტორი
9 (RLIN) 2761
700 ## - ADDED ENTRY--PERSONAL NAME
Personal name ბისეიშვილი, გიორგი
Relator term ავტორი
9 (RLIN) 2762
700 ## - ADDED ENTRY--PERSONAL NAME
Personal name ხარებავა, მადონა
Relator term რედაქტორი
9 (RLIN) 9573
700 ## - ADDED ENTRY--PERSONAL NAME
Personal name სულაკაური, ზურაბ
Relator term მხატვარი
9 (RLIN) 2763
856 ## - ELECTRONIC LOCATION AND ACCESS
Uniform Resource Identifier www.adw-dea.org.ge
Link text ელ.მისამართი
942 ## - ADDED ENTRY ELEMENTS (KOHA)
Koha item type წიგნი
Source of classification or shelving scheme
ეგზემპლარები
ჩამოწერის სტატუსი დაკარგული ეგზემპლარის სტატუსი კლასიფიკაციის წყარო ან თაროზე გაწყობის სქემა დაზიანების სტატუსი არ გაიცემა მუდმივი მდებარეობა (დაცვის ადგილი) ამჟამინდელი ადგილსამყოფელი თაროზე განთავსების ადგილი შეძენის თარიღი სრული შენახვის შიფრი შტრიხკოდი ბოლო ოპერაციის თარიღი ეგზემპლარის მიმდევრობითი ნომერი (კეტერი?) ფასის ძალაში შესვლის თარიღი ეგზემპლარის სახეობა
          ბათუმის შოთა რუსთაველის სახელმწიფო უნივერსიტეტის მთავარი ბიბლიოთეკა ბათუმის შოთა რუსთაველის სახელმწიფო უნივერსიტეტის მთავარი ბიბლიოთეკა წიგნსაცავი 2018-12-17 376.2 ი-56 53383 2018-12-17 53383 2018-12-17 წიგნი